000 00594cam a2200217 4500
008 090401t1987 xxu||||| |||| 00| 0 eng d
020 _a085139504X
035 _a(Sirsi) u2056
041 _aeng
050 _a711.1
100 _aMynors, Charles
245 _aPlanning applications and appeals: a guide for architects and surveyors
260 _aLondon
_bArchitectural Press
_c1987
300 _avii,199p. : ill. ; 30cm.
350 _a39.5
490 _aLibrary of Building Control
650 _aPLANNING APPEALS
650 _aPLANNING CONTROL
942 _n0
948 _c04/03/1997
999 _c85724
_d85724